| 000 | 00341nam a2200121Ia 4500 | ||
|---|---|---|---|
| 008 | 220216s9999 xx 000 0 und d | ||
| 100 | _aTreloar L R G | ||
| 245 | 0 | _aStrains in an inflated rubber sheet, and the mechanism of brusting | |
| 260 |
_bIRI Transactions _c1944 |
||
| 300 | _a201-212 | ||
| 650 | _aInflated rubber sheet | ||
| 942 | _cJS | ||
| 999 |
_c69367 _d69367 |
||